Program electronic library and information systems

Αποθηκεύτηκε σε:
Λεπτομέρειες βιβλιογραφικής εγγραφής
Νέος τίτλος:Data Technologies and applications (ISSN 2514-9318)
Συγγραφή απο Οργανισμό/Αρχή: Queen's University of Belfast School of Library Studies
Μορφή: Περιοδική έκδοση
Γλώσσα:English
Δημοσίευση: Belfast, Northern Ireland : Queen's University School of Library Studies, 1966-
Θέματα:
Διαθέσιμο Online:https://www.emerald.com/insight/publication/issn/0033-0337
Ετικέτες: Προσθήκη ετικέτας
Δεν υπάρχουν, Καταχωρήστε ετικέτα πρώτοι!

MARC

LEADER 00000cas a2200000 i 4500
001 1/42832
008 031020c19669999uk |||||||||||| ||eng||
022 |a 0033-0337  
035 |l 10071239  
040 |a GR-My-Ua   |b gre   |e AACR  
041 0 |a eng 
082 7 |a 025.0405   |2 (23)  
210 0 |a Program   |b (Lond. , 1996)  
222 0 |a Program   |b (Lond. , 1996)  
245 0 0 |a Program   |h [περιοδικό]:   |b electronic library and information systems /   |c Queen's University of Belfast. School of Library Studies. Aslib. 
260 |a Belfast, Northern Ireland :   |b Queen's University School of Library Studies,   |c 1966- 
300 |a  τ. ;   |c 22 εκ.  
310 |a Τριμηνιαίο,   |b 1966-  
500 |3 Μέχρι το 2017 το περιοδικό έχει τον τίτλο : Program: electronic library and information systems (ISSN 0033-0337). Από το 2018 αντικαταστάθηκε με τον τίτλο: Data Techonologies and applications (ISSN 2514-9318) .Tο περιοδικό διατίθεται και ηλεκτρονικά στο διαδίκτυο. 
650 0 0 |a Libraries  |x Automation  |x Periodicals. 
650 0 |a Computers  |v Periodicals. 
650 0 |a Library science  |x Periodicals. 
650 0 |a Library and information science. 
710 2 |a Queen's University of Belfast  |b School of Library Studies. 
785 0 2 |t Data Technologies and applications (ISSN 2514-9318) 
853 |a INST  |b LESVOS  |c SER  |h 025.0405 
853 |a INST  |b RHODES  |c SER  |h 025.0405 
856 |u https://www.emerald.com/insight/publication/issn/0033-0337 
901 |a BIBL1-2003-2 
901 |a BIBL4-2008-1 
922 |a 1ΕΛΗ  |b 199501  |c ΚΕΝΤΡΙΚΗ ΥΠΗΡΕΣΙΑ ΒΙΒΙΛΙΟΘΗΚΗΣ  |d SWETS 
922 |a 4ΕΛΗ  |b 2008/01 
970 |a Τζαφέρη   |b Ευαγγελία   |z 2003/10/20